000 00281nam a22000977a 4500
082 _a348.5491046
_bPAK
245 _aThe PLD Quinquennial Digest 1962 to 1966:
_bcivil, criminal & revenue /
260 _aLahore :
_bPLD Publishers,
_c1962-1966.
300 _avolume
942 _2ddc
_cCR
_s1
999 _c593124
_d593124